UBT Library

Introduction to modern inorganic chemistry / (Record no. 44578)

000 -LEADER
fixed length control field 00749cam a2200241 a 4500
001 - CONTROL NUMBER
control field 13208111
005 - DATE AND TIME OF LATEST TRANSACTION
control field 20180309072744.0
008 - FIXED-LENGTH DATA ELEMENTS--GENERAL INFORMATION
fixed length control field 981019s1996 enka b 001 0 eng d
010 ## - LIBRARY OF CONGRESS CONTROL NUMBER
LC control number 2003446783
020 ## - INTERNATIONAL STANDARD BOOK NUMBER
International Standard Book Number 0748739831
035 ## - SYSTEM CONTROL NUMBER
System control number (OCoLC)ocm40129347
040 ## - CATALOGING SOURCE
Original cataloging agency PSC
Transcribing agency PSC
Modifying agency WY@
-- DLC
041 ## - LANGUAGE CODE
Language code of text/sound track or separate title eng
080 ## - UNIVERSAL DECIMAL CLASSIFICATION NUMBER
Universal Decimal Classification number 546 MAC
082 00 - DEWEY DECIMAL CLASSIFICATION NUMBER
Classification number 546 MAC
Edition number 21
100 1# - Rafti
Rafti 12
101 ## - Shkurtesa
Shkurtesa KIM
245 10 - TITLE STATEMENT
Title Introduction to modern inorganic chemistry /
Statement of responsibility, etc K.M. Mackay, R.A. Mackay, and W. Henderson.
504 ## - BIBLIOGRAPHY, ETC. NOTE
Bibliography, etc Includes bibliographical references (p. 433-449) and index.
906 ## - LOCAL DATA ELEMENT F, LDF (RLIN)
a 7
b cbc
c copycat
d 2
e ncip
f 20
g y-gencatlg
942 ## - ADDED ENTRY ELEMENTS (KOHA)
Source of classification or shelving scheme
Item type Books
Holdings
Withdrawn status Lost status Source of classification or shelving scheme Damaged status Not for loan Collection code Permanent location Current location Shelving location Date acquired Total Checkouts Full call number Barcode Date last seen Price effective from Koha item type
          Koleksioni i përgjithshem UBT - Lipjan UBT - Lipjan Koleksioni i përgjithshem 03/09/2018   546 MAC 002-3000900 03/09/2018 03/09/2018 Books
UBT Library © 2015-2024. All rights reserved University Education for Business and Technology